The galactic black hole : (Record no. 29454)
[ view plain ]
| 000 -LEADER | |
|---|---|
| fixed length control field | 00768 a2200205 4500 |
| 020 ## - INTERNATIONAL STANDARD BOOK NUMBER | |
| International Standard Book Number | 0750308370 |
| 020 ## - INTERNATIONAL STANDARD BOOK NUMBER | |
| International Standard Book Number | 9780750308373 |
| 082 04 - DEWEY DECIMAL CLASSIFICATION NUMBER | |
| Classification number | 523.8875 |
| 090 ## - LOCALLY ASSIGNED LC-TYPE CALL NUMBER (OCLC); LOCAL CALL NUMBER (RLIN) | |
| -- | 830 |
| -- | 830 |
| 100 ## - MAIN ENTRY--PERSONAL NAME | |
| Personal name | Falcke, H. |
| 245 14 - TITLE STATEMENT | |
| Title | The galactic black hole : |
| Remainder of title | studies in high energy physics, cosmology and gravitation / |
| Statement of responsibility, etc. | H Falcke, F Hehl. |
| 260 ## - PUBLICATION, DISTRIBUTION, ETC. | |
| Place of publication, distribution, etc. | [S.l.] : |
| Name of publisher, distributor, etc. | Taylor & Francis, |
| Date of publication, distribution, etc. | 2003. |
| 300 ## - PHYSICAL DESCRIPTION | |
| Extent | 353 p. ; |
| Dimensions | 24 cm. |
| 490 1# - SERIES STATEMENT | |
| Series statement | Series in high energy physics, cosmology and gravitation. |
| 700 1# - ADDED ENTRY--PERSONAL NAME | |
| Personal name | Falcke, H. |
| 700 1# - ADDED ENTRY--PERSONAL NAME | |
| Personal name | Hehl, F. |
| 830 #0 - SERIES ADDED ENTRY--UNIFORM TITLE | |
| Uniform title | Series in high energy physics, cosmology and gravitation. |
| 942 ## - ADDED ENTRY ELEMENTS (KOHA) | |
| Institution code [OBSOLETE] | SNS |
| Koha item type | Book |
| Call number prefix | 523.8875 FAL |
| Withdrawn status | Lost status | Damaged status | Not for loan | Permanent Location | Current Location | Date acquired | Total Checkouts | Full call number | Barcode | Date last seen | Price effective from | Koha item type | Source of classification or shelving scheme |
|---|---|---|---|---|---|---|---|---|---|---|---|---|---|
| School of Natural Sciences (SNS) | School of Natural Sciences (SNS) | 05/26/2016 | 523.8875 FAL | SNS0000999 | 05/26/2016 | 05/26/2016 | Book | ||||||
| School of Natural Sciences (SNS) | School of Natural Sciences (SNS) | 05/30/2018 | 523.8875 | SNS0002526 | 05/30/2018 | 05/30/2018 | Book |
